Traité du sang / (Record no. 72126)
[ view plain ]
| 000 -LEADER | |
|---|---|
| campo de control de longitud fija | 00605nam a2200193 i 4500 |
| 001 - NÚMERO DE CONTROL | |
| campo de control | 72126 |
| 003 - IDENTIFICADOR DE NÚMERO DE CONTROL | |
| campo de control | ES-MaACL |
| 005 - FECHA Y HORA DE LA ÚLTIMA TRANSACCIÓN | |
| campo de control | 20250819174153.0 |
| 007 - CAMPO FIJO DE DESCRIPCIÓN FÍSICA--INFORMACIÓN GENERAL | |
| campo de control de longitud fija | t| |
| 008 - DATOS DE LONGITUD FIJA--INFORMACIÓN GENERAL | |
| campo de control de longitud fija | 040826s1913 fr ||||1| fre d |
| 245 00 - MENCIÓN DEL TÍTULO | |
| Título | Traité du sang / |
| Mención de responsabilidad, etc. | publié sous la direction de A. Gilbert et M. Weinberg... |
| 260 ## - PUBLICACIÓN, DISTRIBUCIÓN, ETC. | |
| Lugar de publicación, distribución, etc. | Paris : |
| Nombre del editor, distribuidor, etc. | J.B. Baillière, |
| Fecha de publicación, distribución, etc. | 1913 ( |
| Lugar de fabricación/manufactura | Corbeil : |
| Fabricante | Crété) |
| 300 ## - DESCRIPCIÓN FÍSICA | |
| Extensión | 2 v., 9 lám. : |
| Otras características físicas | il. ; |
| Dimensiones | 25 cm. |
| 650 04 - PUNTO DE ACCESO ADICIONAL DE MATERIA--TÉRMINO DE MATERIA | |
| Término de materia o nombre geográfico como elemento de entrada | Sangre. |
| 9 (RLIN) | 16981 |
| 700 1# - ENTRADA AGREGADA--NOMBRE PERSONAL | |
| Nombre de persona | Gilbert , Augustin. |
| 9 (RLIN) | 142271 |
| 700 1# - ENTRADA AGREGADA--NOMBRE PERSONAL | |
| Nombre de persona | Weinberg, Michel, |
| Fechas asociadas al nombre | 1868-1940 |
| 9 (RLIN) | 152990 |
| 852 ## - LOCALIZACIÓN | |
| Ubicación | ES-MaACL |
| Número de control de estantería | B-12678-79 |
| Estatus retirado | Estado de pérdida | Estado de daño | No para préstamo | Biblioteca de origen | Biblioteca actual | Ubicación en estantería | Fecha de adquisición | Fuente de adquisición | Total de préstamos | Signatura topográfica completa | Código de barras | Visto por última vez | Precio de reemplazo | Tipo de ítem Koha |
|---|---|---|---|---|---|---|---|---|---|---|---|---|---|---|
| Biblioteca del Ateneo de Madrid | Biblioteca del Ateneo de Madrid | Sala Pardo Bazán | 17/01/2008 | B-12678-79 | 1075511 | 23/02/2023 | 23/02/2023 | Libro impreso |
